| 000 | 00873cam a22003015a 4500 | ||
|---|---|---|---|
| 001 | 011933243 | ||
| 005 | 20240818093032.0 | ||
| 008 | 990706s1998 enka fr 000 0 eng d | ||
| 020 | _a0140513752 | ||
| 020 | _a9780140513752 | ||
| 040 |
_aStDuBDS _dUk _dEG-ScBUE _beng |
||
| 082 | 0 | 4 |
_222 _a520.3 _bMIT |
| 100 | 1 | _aMitton, Jacqueline. | |
| 245 | 1 | 4 |
_aThe Penguin dictionary of astronomy / _cJacqueline Mitton. |
| 246 | 3 | _aAstronomy | |
| 250 | _aNew ed. | ||
| 260 |
_aLondon : _bPenguin Books, _c1998. |
||
| 300 |
_aviii, 409 p. : _bill. ; _c20 cm. |
||
| 490 | 0 | _aPenguin reference | |
| 500 | _aPrevious ed. : 1993. | ||
| 650 | 7 |
_aAstronomy _xDictionaries. _2BUEsh |
|
| 651 | _2BUEsh | ||
| 653 |
_bGGEN _cMarch2018 |
||
| 942 |
_2ddc _hRDA-MOD |
||
| 999 |
_c26230 _d26202 |
||
| 336 |
_2rdacontent _atext _btxt |
||
| 337 |
_aunmediated _2rdamedia _bn |
||
| 338 |
_avolume _bnc _2rdacarrier |
||